<?xml version="1.0" encoding="UTF-8"?>
<record
    xmlns:xsi="http://www.w3.org/2001/XMLSchema-instance"
    xsi:schemaLocation="http://www.loc.gov/MARC21/slim http://www.loc.gov/standards/marcxml/schema/MARC21slim.xsd"
    xmlns="http://www.loc.gov/MARC21/slim">

  <leader>00980njm a22003017a 4500</leader>
  <controlfield tag="005">20100914152621.0</controlfield>
  <controlfield tag="007">sd ammalaaahaa</controlfield>
  <controlfield tag="008">100913t        xxu||||| |||| 00| 0 hin d</controlfield>
  <datafield tag="028" ind1=" " ind2=" ">
    <subfield code="a">2311120</subfield>
    <subfield code="b">Polydor</subfield>
  </datafield>
  <datafield tag="035" ind1=" " ind2=" ">
    <subfield code="a">GR-03763</subfield>
  </datafield>
  <datafield tag="040" ind1=" " ind2=" ">
    <subfield code="a">SED/VEN</subfield>
  </datafield>
  <datafield tag="100" ind1=" " ind2=" ">
    <subfield code="a">Farian, F</subfield>
    <subfield code="9">1184</subfield>
  </datafield>
  <datafield tag="245" ind1=" " ind2=" ">
    <subfield code="a">Boonoonoonoos /</subfield>
    <subfield code="c">by F Farian</subfield>
    <subfield code="h">[sound recording] :</subfield>
  </datafield>
  <datafield tag="246" ind1=" " ind2=" ">
    <subfield code="a">&#x92C;&#x942;&#x928;&#x942;&#x928;&#x942;&#x928;&#x942;&#x938; /&#x92B; &#x92B;&#x930;&#x93F;&#x92F;&#x928; &#x926;&#x94D;&#x935;&#x93E;&#x930;&#x93E; </subfield>
  </datafield>
  <datafield tag="260" ind1=" " ind2=" ">
    <subfield code="a">Dum Dum India</subfield>
    <subfield code="b">Polydor</subfield>
  </datafield>
  <datafield tag="300" ind1=" " ind2=" ">
    <subfield code="a">1 sound disc [Gramophone record] :</subfield>
    <subfield code="b">analog, 33 1/3 rpm</subfield>
    <subfield code="c">12.5 in. (LP)</subfield>
    <subfield code="f">Gramophone Record</subfield>
  </datafield>
  <datafield tag="500" ind1=" " ind2=" ">
    <subfield code="a">Brief Record</subfield>
  </datafield>
  <datafield tag="500" ind1=" " ind2=" ">
    <subfield code="a">Record label :Polydor,Red</subfield>
  </datafield>
  <datafield tag="505" ind1=" " ind2=" ">
    <subfield code="a">Side-2  We kill the world </subfield>
  </datafield>
  <datafield tag="600" ind1=" " ind2=" ">
    <subfield code="a">Farian, F </subfield>
    <subfield code="9">19992</subfield>
  </datafield>
  <datafield tag="650" ind1=" " ind2=" ">
    <subfield code="a">Hindi Film Song </subfield>
    <subfield code="x">Excerpts</subfield>
    <subfield code="z">India</subfield>
    <subfield code="9">19603</subfield>
  </datafield>
  <datafield tag="650" ind1=" " ind2=" ">
    <subfield code="9">20739</subfield>
  </datafield>
  <datafield tag="700" ind1=" " ind2=" ">
    <subfield code="9">19604</subfield>
  </datafield>
  <datafield tag="700" ind1=" " ind2=" ">
    <subfield code="9">19605</subfield>
  </datafield>
  <datafield tag="700" ind1=" " ind2=" ">
    <subfield code="9">20751</subfield>
  </datafield>
  <datafield tag="942" ind1=" " ind2=" ">
    <subfield code="2">ddc</subfield>
    <subfield code="c">GR</subfield>
  </datafield>
  <datafield tag="999" ind1=" " ind2=" ">
    <subfield code="c">47050</subfield>
    <subfield code="d">47050</subfield>
  </datafield>
  <datafield tag="952" ind1=" " ind2=" ">
    <subfield code="0">0</subfield>
    <subfield code="1">0</subfield>
    <subfield code="2">ddc</subfield>
    <subfield code="4">0</subfield>
    <subfield code="7">1</subfield>
    <subfield code="8">NFIC</subfield>
    <subfield code="a">L</subfield>
    <subfield code="b">L</subfield>
    <subfield code="d">2010-09-20</subfield>
    <subfield code="e">SED/VEN</subfield>
    <subfield code="l">0</subfield>
    <subfield code="p">GR-03763</subfield>
    <subfield code="r">2010-09-20 00:00:00</subfield>
    <subfield code="t">1</subfield>
    <subfield code="w">2010-09-20</subfield>
    <subfield code="y">GR</subfield>
  </datafield>
</record>
